000 00693nam a22002172 4500
001 0000012147
005 20151217155850.0
008 090209s xx 000 0 eng d
040 _aKABU
_cKABU
100 1 _a[Barker, Ronald Delabere]
_@0000168354
245 1 4 _aThe Crowded life of a hermit /
_c[Ronald Delabere Barker]
250 _a1st ed.
260 _aMombasa :
_bMombasa Times,
_c[1941.
300 _av.
650 0 _aNatural history.
_@0000161441
700 1 _aRufiji.
_@0000156844
852 1 _9p400 KES
852 1 _9p400 KES
908 _a090209
950 _@1
999 _c13464
_d13464